[Event "1er Open d'Espalion"]
[Site "Espalion (12)"]
[Date "2016.07.16"]
[Round "9.21"]
[White "Marie, Olivier"]
[Black "Jonker, Jan"]
[Result "1-0"]
[WhiteElo "1560"]
[BlackElo "1380"]
[PlyCount "93"]
[EventDate "2016.??.??"]

1. e4 e6 2. g3 d5 3. Bg2 dxe4 4. Bxe4 Nf6 5. Bg2 Nbd7 6. Nc3 c6 7. Nge2 Be7 8.
d3 O-O 9. O-O Re8 10. Bd2 e5 11. Nc1 Nf8 12. Nb3 Be6 13. Qe1 Qc7 14. Ne4 N6d7
15. c4 Rad8 16. Qe2 b6 17. Bc3 c5 18. Rfe1 Ng6 19. Rac1 f5 20. Ned2 Bf6 21. Qf1
Nb8 22. h4 h5 23. Nf3 Bc8 24. Ng5 Nc6 25. Bd5+ Kh8 26. Qe2 Nf4 27. gxf4 Bxg5
28. hxg5 g6 29. fxe5 Kh7 30. f4 Ne7 31. Bf3 Nc6 32. Bxh5 Be6 33. Bf3 Kg7 34.
Kg2 Rh8 35. Rh1 Ne7 36. Rxh8 Kxh8 37. d4 cxd4 38. Bxd4 Nc6 39. Bc3 Kg8 40. Kg3
Ne7 41. Bb4 Kf7 42. Bd5 Nc6 43. Bd6 Qd7 44. Rh1 Kg8 45. Qh2 Bxd5 46. Qh8+ Kf7
47. Rh7+ 1-0

[Event "1er Open d'Espalion"]
[Site "Espalion (12)"]
[Date "2016.07.16"]
[Round "9.22"]
[White "Ferraye, Elio"]
[Black "Bois, Samuel"]
[Result "0-1"]
[WhiteElo "1250"]
[BlackElo "1438"]
[PlyCount "72"]
[EventDate "2016.??.??"]

1. e4 d6 2. d4 Nf6 3. Nc3 g6 4. Be3 Bg7 5. Qd2 O-O 6. Bh6 Bxh6 7. Qxh6 c5 8.
Nf3 cxd4 9. Nxd4 Qa5 10. Bd3 d5 11. O-O dxe4 12. Nxe4 Nxe4 13. Bxe4 Qe5 14. Nf3
Qg7 15. Qxg7+ Kxg7 16. Rfd1 Nc6 17. Bxc6 bxc6 18. Ne5 Bb7 19. Rd7 Rab8 20. Rxe7
Kf6 21. Rd7 Kxe5 22. Re1+ Kf6 23. Ree7 Bc8 24. Rxa7 Rxb2 25. h3 Rxa2 26. Rxa2
Kxe7 27. Ra7+ Bd7 28. c4 Rb8 29. Ra5 Rb1+ 30. Kh2 Rc1 31. c5 Ke6 32. f3 Kd5 33.
Ra7 Be6 34. Rc7 Rxc5 35. Rb7 Rb5 36. Rxb5+ cxb5 0-1

[Event "1er Open d'Espalion"]
[Site "Espalion (12)"]
[Date "2016.07.16"]
[Round "9.23"]
[White "Rollot, Priscillia"]
[Black "Ausseil-Bordignon, Aurelien"]
[Result "1-0"]
[WhiteElo "1210"]
[BlackElo "1009"]
[PlyCount "119"]
[EventDate "2016.??.??"]

1. e4 e5 2. Nf3 Nc6 3. Bc4 Nf6 4. Nc3 Bb4 5. d3 O-O 6. O-O d6 7. Bg5 Be6 8. a3
Bxc3 9. bxc3 h6 10. Be3 d5 11. exd5 Nxd5 12. Re1 Nxc3 13. Qd2 e4 14. Qxc3 exf3
15. gxf3 Bxc4 16. Qxc4 Qd6 17. Bc5 Qg6+ 18. Kh1 Rfe8 19. Rxe8+ Rxe8 20. Qb5 a6
21. Qxb7 Ne5 22. d4 Nc4 23. Qxa6 Re2 24. Qxg6 fxg6 25. Kg1 Rxc2 26. a4 h5 27.
a5 Nxa5 28. Rxa5 Rc1+ 29. Kg2 h4 30. d5 g5 31. d6 cxd6 32. Bxd6 Rc4 33. Rxg5
Rc2 34. Be5 h3+ 35. Kxh3 Rxf2 36. Rxg7+ Kf8 37. Ra7 Rxf3+ 38. Kh4 Re3 39. Bd6+
Ke8 40. Kg4 Re4+ 41. Bf4 Re7 42. Rxe7+ Kxe7 43. h4 Kf7 44. Kg5 Kg7 45. h5 Kg8
46. Kg6 Kh8 47. h6 Kg8 48. h7+ Kf8 49. h8=Q+ Ke7 50. Kf5 Kd7 51. Qh6 Ke7 52.
Ke5 Kd7 53. Qd6+ Ke8 54. Qb8+ Ke7 55. Bg5+ Kf7 56. Qd6 Kg7 57. Qf6+ Kh7 58. Kf5
Kg8 59. Bh6 Kh7 60. Qg7# 1-0

[Event "1er Open d'Espalion"]
[Site "Espalion (12)"]
[Date "2016.07.16"]
[Round "9.24"]
[White "Muller-Moingt, Bastien"]
[Black "Antos, Claude"]
[Result "1-0"]
[WhiteElo "1009"]
[BlackElo "1050"]
[PlyCount "83"]
[EventDate "2016.??.??"]

1. e4 e5 2. Nf3 Nf6 3. Nxe5 Nxe4 4. Qe2 d6 5. d3 Nf6 6. Nc6+ Qe7 7. Nxe7 Bxe7
8. Nc3 O-O 9. Qd2 Nh5 10. Be2 g6 11. Bxh5 gxh5 12. O-O h6 13. Qxh6 Re8 14. Be3
d5 15. Bd4 f6 16. Nxd5 Rd8 17. Nxe7+ Kf7 18. Nxc8 Rxc8 19. Qxh5+ Kg8 20. Bxf6
Nd7 21. Bg5 Nf8 22. Be7 Ne6 23. Qg5+ Nxg5 24. Bxg5 Rf8 25. Be7 Rf5 26. Rad1 Kh7
27. Rd2 Rg8 28. h3 Rf7 29. Re2 Rfg7 30. Kh1 Rxg2 31. Bc5 b6 32. Re7+ Kg6 33.
Kxg2 Kh5+ 34. Kh2 bxc5 35. Rxc7 Kh4 36. Rxa7 Rh8 37. Rc7 Rh5 38. Rxc5 Rxc5 39.
c3 Rd5 40. d4 Ra5 41. a3 Rh5 42. c4 1-0

[Event "1er Open d'Espalion"]
[Site "Espalion (12)"]
[Date "2016.07.16"]
[Round "9.25"]
[White "Cernavska, Veronica"]
[Black "Bonot, Bernard"]
[Result "0-1"]
[WhiteElo "1399"]
[BlackElo "1374"]
[PlyCount "116"]
[EventDate "2016.??.??"]

1. e4 b6 2. Nc3 Bb7 3. d4 e6 4. Nf3 Bb4 5. Bd2 Bxc3 6. Bxc3 Bxe4 7. Nd2 Bg6 8.
Qf3 c6 9. Nc4 d5 10. Ne3 Qf6 11. Qe2 Nh6 12. Nd1 O-O 13. Rc1 Nd7 14. Bb4 Rfe8
15. Qa6 Qxd4 16. c3 Qe4+ 17. Qe2 Qxe2+ 18. Bxe2 a5 19. Ba3 Ne5 20. O-O Bd3 21.
Re1 Bxe2 22. Rxe2 Nd3 23. Rcc2 Nf4 24. Re3 f6 25. Bd6 e5 26. Rf3 Nf5 27. Ne3
Nxe3 28. fxe3 Ng6 29. Bc7 b5 30. b4 a4 31. Bb6 Nh4 32. Rg3 Nf5 33. Rf2 Nxg3 34.
hxg3 Rab8 35. Bc7 Rb7 36. Bd6 Re6 37. Bc5 g6 38. a3 Kg7 39. Kh2 f5 40. Rd2 Kf6
41. Bf8 h5 42. Kh3 Rf7 43. Bh6 g5 44. Rf2 Kg6 45. Bxg5 Kxg5 46. g4 fxg4+ 47.
Kg3 Rxf2 48. Kxf2 h4 49. Kg1 Rf6 50. Kh2 Rf2 51. Kg1 g3 52. c4 Ra2 53. Kf1 dxc4
54. e4 c3 55. Ke1 Rxg2 56. Kd1 h3 57. Ke1 h2 58. Kf1 Rf2+ 0-1